50 Biggest Places In Minnesota - Statistics

General Stats
  • This quiz has been taken 4 times
  • The average score is 39 of 50
Answer Stats
First Letter County(s) Population Answer % Correct
B Hennepin 85,763 Bloomington
100%
B Hennepin 30,376 Brooklyn Center
100%
B Hennepin 79,221 Brooklyn Park
100%
C Washington 44,101 Cottage Grove
100%
D St. Louis 88,318 Duluth
100%
E Dakota 66,500 Eagan
100%
E Hennepin 60,826 Eden Prairie
100%
E Hennepin 53,336 Edina
100%
F Anoka 30,542 Fridley
100%
I Dakota 36,307 Inver Grove Heights
100%
L Dakota 80,385 Lakeville
100%
L Anoka 22,977 Lino Lakes
100%
M Blue Earth 46,518 Mankato
100%
M Hennepin 71,949 Maple Grove
100%
M Anoka 421,385 Minneapolis
100%
M Hennepin 51,383 Minnetonka
100%
M Clay 45,642 Moorhead
100%
P Hennepin 75,444 Plymouth
100%
R Anoka 29,056 Ramsey
100%
R Olmsted 122,971 Rochester
100%
S Scott 33,277 Savage
100%
S Benton 71,957 St. Cloud
100%
S Hennepin 49,477 St. Louis Park
100%
S Dakota 298,940 St. Paul
100%
W Dakota 22,498 West St. Paul
100%
W Winona 26,061 Winona
100%
W Washington 82,244 Woodbury
100%
A Anoka 33,378 Andover
67%
A Dakota 54,712 Apple Valley
67%
A Mower 26,149 Austin
67%
B Anoka 75,978 Blaine
67%
B Dakota 64,942 Burnsville
67%
C Carver 25,907 Chanhassen
67%
C Carver 29,804 Chaska
67%
C Anoka 22,500 Columbia Heights
67%
C Anoka 63,235 Coon Rapids
67%
M Ramsey 38,582 Maplewood
67%
O Wright 25,285 Otsego
67%
O Steele 26,611 Owatonna
67%
R Hennepin 36,124 Richfield
67%
R Ramsey 34,941 Roseville
67%
S Wright 22,865 St. Michael
67%
E Sherburne 28,276 Elk River
33%
F Rice 24,773 Faribault
33%
F Dakota 24,078 Farmington
33%
O Washington 28,198 Oakdale
33%
P Scott 28,293 Prior Lake
33%
R Dakota 28,792 Rosemount
33%
S Scott 49,222 Shakopee
33%
S Anoka 26,010 Shoreview
0%
No matching quizzes found
Score Distribution
Percent of People with Each Score
Percentile by Number Answered
Your Score History
You have not taken this quiz